MARC details
| 000 -LEADER |
| campo de control de longitud fija |
02865nam a2200529 i 4500 |
| 001 - NÚMERO DE CONTROL |
| campo de control |
194988 |
| 003 - IDENTIFICADOR DE NÚMERO DE CONTROL |
| campo de control |
SpMaBN |
| 005 - FECHA Y HORA DE LA ÚLTIMA TRANSACCIÓN |
| campo de control |
20250825062638.0 |
| 007 - CAMPO FIJO DE DESCRIPCIÓN FÍSICA--INFORMACIÓN GENERAL |
| campo de control de longitud fija |
ta |
| 008 - DATOS DE LONGITUD FIJA--INFORMACIÓN GENERAL |
| campo de control de longitud fija |
981211e1958 sp k spa |
| 017 ## - NÚMERO DE COPYRIGHT O DE DEPÓSITO LEGAL |
| Número de copyright o de depósito legal |
B 8072-1958 |
| Agencia que asigna |
Oficina Depósito Legal Barcelona |
| 040 ## - FUENTE DE CATALOGACIÓN |
| Centro catalogador/agencia de origen |
SpMaBN |
| Lengua de catalogación |
spa |
| Centro/agencia transcriptor |
ES-MaACL |
| Normas de descripción |
rdc |
| 080 ## - NÚMERO DE LA CLASIFICACIÓN DECIMAL UNIVERSAL |
| Número de la Clasificación Decimal Universal |
087.5:082.1 |
| 245 03 - MENCIÓN DEL TÍTULO |
| Título |
El mundo de los niños : |
| Resto del título |
en quince volúmenes |
| 260 ## - PUBLICACIÓN, DISTRIBUCIÓN, ETC. |
| Lugar de publicación, distribución, etc. |
Barcelona : |
| Nombre del editor, distribuidor, etc. |
Salvat, |
| Fecha de publicación, distribución, etc. |
[1958] |
| 300 ## - DESCRIPCIÓN FÍSICA |
| Extensión |
15 volúmenes : |
| Otras características físicas |
ilustraciones (blanco y negro y color) ; |
| Dimensiones |
26 cm |
| 336 ## - TIPO DE CONTENIDO |
| Fuente |
rdacontent |
| Término de tipo de contenido |
Texto |
| 337 ## - TIPO DE MEDIO |
| Fuente |
rdamedia |
| Nombre/término del tipo de medio |
sin mediación |
| 338 ## - TIPO DE SOPORTE |
| Fuente |
rdacarrier |
| Nombre/término del tipo de soporte |
volumen |
| 505 ## - NOTA DE CONTENIDO CON FORMATO |
| Nota de contenido con formato |
1. Poemas de la primera infancia (200 p.) -- 2. Poemas y cuentos (200 p.) -- 3. Cuentos populares y de hadas (240 p.) -- 4. Animales y aventuras (240 p.) -- 5. Cuentos de diversos países (240 p.) -- 6. Estampas de la historia sagrada (207 p.) -- 7. Hombres y hechos famosos (240 p.) -- 8. Juegos diversos (272 p.) -- 9. Animales y plantas (244 p.) -- 10. Ciencia e industria (288 p.) -- 11. El niño y el arte (174 p.) -- 12. El niño y la música (196 p.) -- 13. La familia (291 p.) -- 14. Vuestro hijo (322 p.) -- 15. El niño en el mundo actual (291 p.) |
| 534 ## - NOTA SOBRE LA VERSIÓN ORIGINAL |
| Frase introductoria |
Traducción de: Childcraft |
| 650 #7 - PUNTO DE ACCESO ADICIONAL DE MATERIA--TÉRMINO DE MATERIA |
| Término de materia o nombre geográfico como elemento de entrada |
Enciclopedias infantiles y juveniles |
| 9 (RLIN) |
156655 |
| 650 #7 - PUNTO DE ACCESO ADICIONAL DE MATERIA--TÉRMINO DE MATERIA |
| Término de materia o nombre geográfico como elemento de entrada |
Poesías- |
| 9 (RLIN) |
142901 |
| Subdivisión de forma |
Libros infantiles |
| 650 #7 - PUNTO DE ACCESO ADICIONAL DE MATERIA--TÉRMINO DE MATERIA |
| Término de materia o nombre geográfico como elemento de entrada |
Historia sagrada |
| Fuente del encabezamiento o término |
embne |
| 9 (RLIN) |
13427 |
| 650 #4 - PUNTO DE ACCESO ADICIONAL DE MATERIA--TÉRMINO DE MATERIA |
| Término de materia o nombre geográfico como elemento de entrada |
Juegos infantiles |
| 9 (RLIN) |
14020 |
| 655 #7 - TERMINO DE INDIZACIÓN--GENERO/FORMA |
| Datos o término principal de género/forma |
Enciclopedias |
| Fuente del término |
tgfbne |
| 9 (RLIN) |
226844 |
| 655 #7 - TERMINO DE INDIZACIÓN--GENERO/FORMA |
| Datos o término principal de género/forma |
Libros infantiles |
| Fuente del término |
tgfbne |
| 9 (RLIN) |
226786 |
| 655 #0 - TERMINO DE INDIZACIÓN--GENERO/FORMA |
| Datos o término principal de género/forma |
Cuentos infantiles |
| 9 (RLIN) |
234793 |
| 852 ## - LOCALIZACIÓN |
| Ubicación |
ES-MaACL |
| Sublocalización o colección |
R. 43038 |
| Ubicación en estantería |
Ficheros |
| Número de control de estantería |
C-154446 |
| Designación de la unidad física |
Vol. 1 |
| Encuadernación |
Cartoné |
| itemnumber |
202638 |
| 852 ## - LOCALIZACIÓN |
| Ubicación |
ES-MaACL |
| Sublocalización o colección |
R. 43038 |
| Ubicación en estantería |
Ficheros |
| Número de control de estantería |
C-154447 |
| Designación de la unidad física |
Vol. 2 |
| Encuadernación |
Cartoné |
| itemnumber |
202639 |
| 852 ## - LOCALIZACIÓN |
| Ubicación |
ES-MaACL |
| Sublocalización o colección |
R. 43038 |
| Ubicación en estantería |
Ficheros |
| Número de control de estantería |
C-154448 |
| Encuadernación |
Cartoné |
| itemnumber |
202640 |
| Designación de la unidad física |
Vol. 3 |
| 852 ## - LOCALIZACIÓN |
| Ubicación |
ES-MaACL |
| Sublocalización o colección |
R. 43038 |
| Ubicación en estantería |
Ficheros |
| Número de control de estantería |
C-154449 |
| Encuadernación |
Cartoné |
| itemnumber |
202641 |
| Designación de la unidad física |
Vol. 4 |
| 852 ## - LOCALIZACIÓN |
| Ubicación |
ES-MaACL |
| Sublocalización o colección |
R. 43038 |
| Ubicación en estantería |
Ficheros |
| Número de control de estantería |
C-154450 |
| Encuadernación |
Cartoné |
| itemnumber |
202643 |
| Designación de la unidad física |
Vol. 5 |
| 852 ## - LOCALIZACIÓN |
| Ubicación |
ES-MaACL |
| Sublocalización o colección |
R. 43038 |
| Ubicación en estantería |
Ficheros |
| Número de control de estantería |
C-154451 |
| Encuadernación |
Cartoné |
| itemnumber |
202644 |
| Designación de la unidad física |
Vol. 6 |
| 852 ## - LOCALIZACIÓN |
| Ubicación |
ES-MaACL |
| Sublocalización o colección |
R. 43038 |
| Ubicación en estantería |
Ficheros |
| Número de control de estantería |
C-154452 |
| Encuadernación |
Cartoné |
| itemnumber |
202645 |
| Designación de la unidad física |
Vol. 7 |
| 852 ## - LOCALIZACIÓN |
| Ubicación |
ES-MaACL |
| Sublocalización o colección |
R. 43038 |
| Ubicación en estantería |
Ficheros |
| Número de control de estantería |
C-154453 |
| Encuadernación |
Cartoné |
| itemnumber |
202646 |
| Designación de la unidad física |
Vol. 8 |
| 852 ## - LOCALIZACIÓN |
| Ubicación |
ES-MaACL |
| Sublocalización o colección |
R. 43038 |
| Ubicación en estantería |
Ficheros |
| Número de control de estantería |
C-154454 |
| Encuadernación |
Cartoné |
| itemnumber |
202647 |
| Designación de la unidad física |
Vol. 9 |
| 852 ## - LOCALIZACIÓN |
| Ubicación |
ES-MaACL |
| Sublocalización o colección |
R. 43038 |
| Ubicación en estantería |
Ficheros |
| Número de control de estantería |
C-154455 |
| Encuadernación |
Cartoné |
| itemnumber |
202648 |
| Designación de la unidad física |
Vol. 10 |
| 852 ## - LOCALIZACIÓN |
| Ubicación |
ES-MaACL |
| Sublocalización o colección |
R. 43038 |
| Ubicación en estantería |
Ficheros |
| Número de control de estantería |
C-154456 |
| Encuadernación |
Cartoné |
| itemnumber |
202649 |
| Designación de la unidad física |
Vol. 11 |
| 852 ## - LOCALIZACIÓN |
| Ubicación |
ES-MaACL |
| Sublocalización o colección |
R. 43038 |
| Ubicación en estantería |
Ficheros |
| Número de control de estantería |
C-154457 |
| Encuadernación |
Cartoné |
| itemnumber |
202650 |
| Designación de la unidad física |
Vol. 12 |
| 852 ## - LOCALIZACIÓN |
| Ubicación |
ES-MaACL |
| Sublocalización o colección |
R. 43038 |
| Ubicación en estantería |
Ficheros |
| Número de control de estantería |
C-154458 |
| Encuadernación |
Cartoné |
| itemnumber |
202651 |
| Designación de la unidad física |
Vol. 13 |
| 852 ## - LOCALIZACIÓN |
| Ubicación |
ES-MaACL |
| Sublocalización o colección |
R. 43038 |
| Ubicación en estantería |
Ficheros |
| Número de control de estantería |
C-154459 |
| Encuadernación |
Cartoné |
| itemnumber |
202652 |
| Designación de la unidad física |
Vol. 14 |
| 852 ## - LOCALIZACIÓN |
| Ubicación |
ES-MaACL |
| Sublocalización o colección |
R. 43038 |
| Ubicación en estantería |
Ficheros |
| Número de control de estantería |
C-154460 |
| Encuadernación |
Cartoné |
| itemnumber |
202653 |
| Designación de la unidad física |
Vol. 15 |
| 942 ## - ELEMENTOS DE ENTRADA SECUNDARIOS (KOHA) |
| Suprimir en OPAC |
No |
| Tipo de ítem Koha |
Libro impreso |